1355 1809 1183 1413 1068 1093 1776 1849 1289 1281 1061 1918 1500 1706 1186 1797 1238 1092 1841 1417 1684 1902 1264 1848 1987 1437 1446 1577 1579 1011 1744 1307 1413 1403 1906 1162 1330 1047 1813 1148 1024 1849 1940 1418 1709 1284 1237 1434 1992 1905 1657 1485 1129 1583 1429 1743 1316 1925 1016 1775 1772 1177 1650 1660 1447 1538 1631 1092 1556 1703 1405 1438 1035 1978 1706 1777 1811 1487 1564 1102 1712 1116 1663 1102 1884 1204 1250 1010 1005 1338 1740 1188 1068 1010 1824 1645 1753 1879 1970 BCNSPRNW ULIB Ver.6.0+V

เปลี่ยนเป็นภาษาไทย

Change to English
 แสดงรายละเอียดบรรณานุกรม
  กลับหน้าหลัก

Brief Record : Get Marc (ISO 2709) : E-mail record : QR code < ปิดหน้าต่าง
LEADER : 00000nam 2200000uu 4500
001    13399128408
003     ULIB
008    230815s2565||||th 000 0 tha d
020    ^a9786165907903
060 04 ^aWS460^bพ887ก
100 0  ^aเพ็ญนภา กุลนภาดล
245 10 ^aการให้การปรึกษาวัยรุ่น =^bAdolescent counseling /^cเพ็ญนภากุลนภาดล
246 31 ^aAdolescent counseling
250    ^aพิมพ์ครั้งที่ 5 ฉบับปรับปรุงครั้งที่ 4
260    ^aชลบุรี :^bภาควิชาวิจัยและจิตวิทยาประยุกต์ คณะศึกษาศาสตร์มหาวิทยาลัยบูรพา,^c2565
300    ^a199 หน้า :^bภาพประกอบ ;^c25 ซม.
650  4 ^aการแก้ปัญหาในวัยรุ่น
650  4 ^aจิตวิทยาวัยรุ่น
650  4 ^aวัยรุ่น^xการให้คำปรึกษา
710 2  ^aมหาวิทยาลัยบูรพา.^bคณะศึกษาศาสตร์.^bภาควิชาวิจัยและจิตวิทยาประยุกต์
945    ^p200^l0^i010096
945    ^p200^l0^i010097
945    ^p200^l0^i010098
999    ^aประนอม เกษจรัล
รายการนี้ยังไม่มีแท็ก
คุณยังไม่ได้ล็อกอิน คุณสามารถมีกิจกรรมร่วมกับเว็บไซต์ได้ แต่ต้องล็อกอินก่อน ::
  ล็อกอิน

รายการสื่อสารสนเทศ

ลำดับที่ ประเภท เลขเรียก/บาร์โค้ด สถานที่ สถานะ
1. วิทยาศาสตร์การแพทย์ และสุขภาพ
หนังสือสำรอง
สถานะ=หนังสือสำรอง
WS460 พ887ก ฉ.1 
  Barcode: 010096
ห้องสมุดวิทยาเขตสวรรค์ประชารักษ์
►หนังสือทั่วไป
บนชั้น
2. วิทยาศาสตร์การแพทย์ และสุขภาพ
วิทยาศาสตร์การแพทย์ และสุขภาพ
WS460 พ887ก ฉ.2 
  Barcode: 010097
ห้องสมุดวิทยาเขตสวรรค์ประชารักษ์
►หนังสือทั่วไป
บนชั้น
3. วิทยาศาสตร์การแพทย์ และสุขภาพ
วิทยาศาสตร์การแพทย์ และสุขภาพ
WS460 พ887ก ฉ.3 
  Barcode: 010098
ห้องสมุดวิทยาเขตสวรรค์ประชารักษ์
►หนังสือทั่วไป
บนชั้น

รายการใกล้เคียง
    ผู้แต่ง [เพ็ญนภา กุลนภาดล]

    หัวเรื่อง [การแก้ปัญหาในวัยรุ่น]
    หัวเรื่อง [จิตวิทยาวัยรุ่น]

BibComment


ยังไม่เคยถูกคอมเมนท์

คอมเมนท์ทรัพยากรรายการนี้
  คอมเมนท์: การให้การปรึกษาว..


 Copyright 2026. Bcnsprnw @Library